000 00354nam a2200133Ia 4500
005 20260326235451.0
008 260326s9999||||xx |||||||||||||| ||und||
100 _aWright, Frank Lloyd
245 0 _aWhen Democrary Builds /
_cFrank Lloyd Wright
260 _bUniversity of Chicago Press
300 _a139 p.
650 _aARQUITECTURA-GENERAL
942 _cBK
999 _c7757
_d7757